Teatro guatemalteco contemporáneo / (Record no. 128961)

MARC details
000 -LEADER
campo de control de longitud fija 01143nam a2200277 i 4500
001 - NÚMERO DE CONTROL
campo de control 128961
003 - IDENTIFICADOR DE NÚMERO DE CONTROL
campo de control ES-MaACL
005 - FECHA Y HORA DE LA ÚLTIMA TRANSACCIÓN
campo de control 20250824075107.0
007 - CAMPO FIJO DE DESCRIPCIÓN FÍSICA--INFORMACIÓN GENERAL
campo de control de longitud fija t|
008 - DATOS DE LONGITUD FIJA--INFORMACIÓN GENERAL
campo de control de longitud fija 070531s1964 sp ||||1| spa d
080 ## - NÚMERO DE LA CLASIFICACIÓN DECIMAL UNIVERSAL
Número de la Clasificación Decimal Universal 86.0(728.1)-2"19"(082)
245 00 - MENCIÓN DEL TÍTULO
Título Teatro guatemalteco contemporáneo /
Mención de responsabilidad, etc. selección y prólogo Carlos Solórzano.
260 ## - PUBLICACIÓN, DISTRIBUCIÓN, ETC.
Lugar de publicación, distribución, etc. [Madrid] :
Nombre del editor, distribuidor, etc. Aguilar,
Fecha de publicación, distribución, etc. 1964.
300 ## - DESCRIPCIÓN FÍSICA
Extensión 327 p. ;
Dimensiones 20 cm.
490 1# - MENCIÓN DE SERIE
Mención de serie Teatro contemporáneo
505 8# - NOTA DE CONTENIDO CON FORMATO
Nota de contenido con formato Contiene: Los duques de Endor / Rafael Arévalo Martínez.-- Soluna / Miguel Angel Asturias.-- El espectro acróbata / Miguel Marsicovétere y Durán.-- Entre cuatro paredes / Manuel Galich.-- Doña Beatriz, (La sin ventura) / Carlos Solórzano
650 17 - PUNTO DE ACCESO ADICIONAL DE MATERIA--TÉRMINO DE MATERIA
Término de materia o nombre geográfico como elemento de entrada Teatro guatemalteco
Fuente del encabezamiento o término
9 (RLIN) 17369
700 1# - ENTRADA AGREGADA--NOMBRE PERSONAL
Nombre de persona Arévalo Martínez, Rafael.
9 (RLIN) 22664
700 1# - ENTRADA AGREGADA--NOMBRE PERSONAL
Nombre de persona Asturias, Miguel Ángel,
Fechas asociadas al nombre 1899-1974
9 (RLIN) 23701
700 1# - ENTRADA AGREGADA--NOMBRE PERSONAL
Nombre de persona Marsicovétere y Durán, Miguel.
9 (RLIN) 77140
700 1# - ENTRADA AGREGADA--NOMBRE PERSONAL
Nombre de persona Galich, Manuel.
9 (RLIN) 53407
700 1# - ENTRADA AGREGADA--NOMBRE PERSONAL
Nombre de persona Solórzano, Carlos.
9 (RLIN) 107241
830 00 - PUNTO DE ACCESO ADICIONAL DE SERIE-TÍTULO UNIFORME
Título uniforme Teatro contemporáneo (Aguilar)
9 (RLIN) 186750
852 ## - LOCALIZACIÓN
Ubicación ES-MaACL
Número de control de estantería C-25802
Sublocalización o colección R.54584
Holdings
Estatus retirado Estado de pérdida Estado de daño No para préstamo Biblioteca de origen Biblioteca actual Ubicación en estantería Fecha de adquisición Fuente de adquisición Total de préstamos Signatura topográfica completa Código de barras Visto por última vez Precio de reemplazo Tipo de ítem Koha
        Biblioteca del Ateneo de Madrid Biblioteca del Ateneo de Madrid Depósito 2 17/01/2008     C-25802 1134302 23/02/2023 23/02/2023 Libro impreso